| 000 | 00555nam a2200145Ia 4500 | ||
|---|---|---|---|
| 008 | 170221s9999 xx 000 0 und d | ||
| 100 | _aTha'er A Majali | ||
| 245 | 2 | _aA Conceptual Model of Electronic Word of Mouth Communication through Social Network Sites: The Moderating Effect of Personality Traits | |
| 245 | _cTha'er A Majali, Abdul Manaf Bohari | ||
| 260 | _bInternational Review of Management and Marketing | ||
| 260 | _c2016 | ||
| 300 | _a6 : 7S | ||
| 650 | _xMarketing. | ||
| 856 | _uhttp://www.econjournals.com/index.php/irmm/issue/view/91 | ||
| 999 |
_c308071 _d308071 |
||